Caliban y la bruja : (Registro nro. 3824)

Detalles MARC
000 -CABECERA
campo de control de longitud fija 01522cam a2200301ui 4500
001 - NÚMERO DE CONTROL
campo de control Rebiun17784851
003 - IDENTIFICADOR DEL NÚMERO DE CONTROL
campo de control AR-RoIUNI
005 - FECHA Y HORA DE LA ÚLTIMA TRANSACCIÓN
campo de control 20190606162457.0
008 - DATOS DE LONGITUD FIJA--INFORMACIÓN GENERAL
campo de control de longitud fija 160209s2010 sp 000 0 spa d
017 ## - NÚMERO DE COPYRIGHT O DE DEPÓSITO LEGAL
Número de copyright o de depósito legal M 25526-2010
020 ## - NÚMERO INTERNACIONAL ESTÁNDAR DEL LIBRO
Número Internacional Estándar del Libro 9788496453517 (pbk)
040 ## - FUENTE DE LA CATALOGACIÓN
Centro catalogador/agencia de origen UAM.E
Centro/agencia transcriptor AR-RoIUNI
080 ## - NÚMERO DE LA CLASIFICACIÓN DECIMAL UNIVERSAL
Número de la Clasificación Decimal Universal 316
100 1# - ENTRADA PRINCIPAL--NOMBRE DE PERSONA
Nombre de persona Federici, Silvia
245 10 - MENCIÓN DE TÍTULO
Título Caliban y la bruja :
Resto del título Mujeres, cuerpo y acumulación originaria /
Mención de responsabilidad, etc. Silvia Federici.
260 ## - PUBLICACIÓN, DISTRIBUCIÓN, ETC. (PIE DE IMPRENTA)
Lugar de publicación, distribución, etc. Madrid :
Nombre del editor, distribuidor, etc. Traficantes de sueños,
Fecha de publicación, distribución, etc. 2016.
300 ## - DESCRIPCIÓN FÍSICA
Extensión 368 p. ;
Dimensiones 21 cm.
490 0# - MENCIÓN DE SERIE
Mención de serie Colección historia ;
Designación de volumen o secuencia 9
505 0# - NOTA DE CONTENIDO CON FORMATO
Nota de contenido con formato Introducción -- El Mundo entero necesita una sacudida, los movimientos sociales y la crisis política en la Europa medieval -- La acumulación de trabajo y la degradación de las mujeres, construyendo la "diferencia" en la "transición al capitalismo" -- El gran Calibán -- La gran caza de brujas en Europa -- Colonización y cristianización, Calibán y las brujas en el Nuevo Mundo -- Epílogo: Entrevista a Silvia Federici, por una reinvención de las prácticas comunitarias
650 #4 - PUNTO DE ACCESO ADICIONAL DE MATERIA--TÉRMINO DE MATERIA
Término de materia o nombre geográfico como elemento inicial Brujería-
Subdivisión general Aspectos políticos-
Subdivisión geográfica Europa-
Subdivisión general Historia
650 #4 - PUNTO DE ACCESO ADICIONAL DE MATERIA--TÉRMINO DE MATERIA
Término de materia o nombre geográfico como elemento inicial Movimientos sociales-
Subdivisión geográfica Europa-
Subdivisión general Historia
650 #4 - PUNTO DE ACCESO ADICIONAL DE MATERIA--TÉRMINO DE MATERIA
Término de materia o nombre geográfico como elemento inicial Capitalismo-
Subdivisión geográfica Europa-
Subdivisión general Historia
650 #4 - PUNTO DE ACCESO ADICIONAL DE MATERIA--TÉRMINO DE MATERIA
Término de materia o nombre geográfico como elemento inicial Movimientos sociales-
Subdivisión geográfica América-
Subdivisión general Historia
650 #4 - PUNTO DE ACCESO ADICIONAL DE MATERIA--TÉRMINO DE MATERIA
Término de materia o nombre geográfico como elemento inicial Capitalismo-
Subdivisión general Aspectos sociales-
Subdivisión geográfica América-
Subdivisión general Historia
650 #4 - PUNTO DE ACCESO ADICIONAL DE MATERIA--TÉRMINO DE MATERIA
Término de materia o nombre geográfico como elemento inicial Mujeres-
Subdivisión general Situación social-
Subdivisión geográfica Europa-
Subdivisión general Historia
650 #4 - PUNTO DE ACCESO ADICIONAL DE MATERIA--TÉRMINO DE MATERIA
Término de materia o nombre geográfico como elemento inicial Mujeres-
Subdivisión general Situación social-
Subdivisión geográfica América-
Subdivisión general Historia
942 ## - ELEMENTOS DE PUNTO DE ACCESO ADICIONAL (KOHA)
Fuente del sistema de clasificación o colocación Clasificación Decimal Universal
Tipo de ítem Koha Libros

No hay ítems disponibles.